Courrier de l'art (Record no. 743)

MARC details
000 -LEADER
campo de control de longitud fija 00751nas a2200229 i 4500
001 - NÚMERO DE CONTROL
campo de control 743
003 - IDENTIFICADOR DE NÚMERO DE CONTROL
campo de control ES-MaACL
005 - FECHA Y HORA DE LA ÚLTIMA TRANSACCIÓN
campo de control 20250812062550.0
007 - CAMPO FIJO DE DESCRIPCIÓN FÍSICA--INFORMACIÓN GENERAL
campo de control de longitud fija t|
008 - DATOS DE LONGITUD FIJA--INFORMACIÓN GENERAL
campo de control de longitud fija 950801d18811892fr | | 1 ||re d
022 ## - NÚMERO INTERNACIONAL NORMALIZADO PARA PUBLICACIONES SERIADAS
Número Internacional Normalizado para Publicaciones Seriadas 2016-8020
080 ## - NÚMERO DE LA CLASIFICACIÓN DECIMAL UNIVERSAL
Número de la Clasificación Decimal Universal 7
245 00 - MENCIÓN DEL TÍTULO
Título Courrier de l'art
Resto del título : chronique hebdomadaire des ateliers, des musées, des expositions, des ventes publiques... /
Mención de responsabilidad, etc. dir. Eugène Véron.
260 ## - PUBLICACIÓN, DISTRIBUCIÓN, ETC.
Lugar de publicación, distribución, etc. Paris :
Nombre del editor, distribuidor, etc. Librairie de l'Art ;
Lugar de publicación, distribución, etc. New York :
Nombre del editor, distribuidor, etc. Macmillan,
Fecha de publicación, distribución, etc. 1881-1890.
300 ## - DESCRIPCIÓN FÍSICA
Extensión 8 v. ;
Dimensiones 31 cm.
310 ## - PERIODICIDAD ACTUAL
Periodicidad actual Semanal
362 0# - FECHAS DE PUBLICACIÓN Y/O DESIGNACIÓN SECUENCIAL
Fecha de publicación y/o designación secuencial 1re année, n°1 (1881, 3 nov.)-10e année, n°52 (1891, 17 avr./1892, 20 déc.)
650 17 - PUNTO DE ACCESO ADICIONAL DE MATERIA--TÉRMINO DE MATERIA
Término de materia o nombre geográfico como elemento de entrada Arte
Fuente del encabezamiento o término embne
9 (RLIN) 10068
852 ## - LOCALIZACIÓN
Ubicación ES-MaACL
Número de control de estantería Hem-311
866 #0 - MENCIÓN TEXTUAL DE FONDOS--UNIDAD BIBLIOGRÁFICA BÁSICA
Fondos 1881-85,1887-90
Holdings
Estatus retirado Estado de pérdida Estado de daño No para préstamo Colección Biblioteca de origen Biblioteca actual Ubicación en estantería Fecha de adquisición Fuente de adquisición Total de préstamos Signatura topográfica completa Código de barras Visto por última vez Precio de reemplazo Tipo de ítem Koha
        Periódicos y Revistas Biblioteca del Ateneo de Madrid Biblioteca del Ateneo de Madrid Depósito 1 17/01/2008     Hem-311 1000757 23/02/2023 23/02/2023 Revista